000 00814nam a2200193 4500
001 144863
003 ES-MaACL
005 20230906201120.0
007 t|
008 070214s1964 sp r ||||1| spa d
100 1 _aSmet, Gerard de.
_9106821
245 1 3 _aLa práctica de los tratamientos térmicos de los metales industriales /
_cpor Gerardo de Smet ; versión española de la sexta edición francesa por José Mª Ribera Casamada.
260 _aBarcelona :
_bElicien,
_c1964 (
_fM. Pareja)
300 _aXXXII, 562 p., 7 h. :
_bil. ;
_c22 cm.
500 _aTít. orig.: La pratique des traitements thermiques des métaux industriels.
700 1 _aRibera Casamada, José María.
_996786
740 0 _aLa pratique des traitements thermiques des métaux industriels.
852 _aES-MaACL
_jC-25889
_bR.54564
999 _c144863
_d144863